|
|
|
|
| LEADER |
00000nab a2200000 a 4500 |
| 001 |
vtls000182319 |
| 003 |
SK-MaSNL |
| 005 |
20260302202052.0 |
| 008 |
160204c1983 xo 0 slo |
| 015 |
|
|
|a SNBRA19rr/mm-uuuuu
|
| 035 |
|
|
|a CL0192432
|
| 040 |
|
|
|a SNKBUCL
|b slo
|c SNKBUCL
|e AACR2
|
| 041 |
0 |
|
|a slo
|
| 044 |
|
|
|a xo
|c SK
|
| 080 |
|
|
|a 631.115.6.016:631.158:331.018
|2 1981
|
| 080 |
|
|
|a 631.158
|2 1981
|
| 080 |
|
|
|a 331.018
|2 1981
|
| 100 |
1 |
|
|a Jánoš, Viliam
|4 aut
|9 5373
|
| 245 |
1 |
0 |
|a Zmeny v charaktere a v obsahu práce družstevných roľníkov v 1. etepe kolektivizácie
|c Viliam Jánoš
|
| 300 |
|
|
|b Lit. 11 zázn.
|
| 650 |
0 |
7 |
|a poľnohospodárstvo
|2 snkbucl
|9 679
|
| 650 |
0 |
7 |
|a kolektivizácia
|2 snkbucl
|9 467027
|
| 650 |
0 |
7 |
|a roľníci
|2 snkbucl
|9 58923
|
| 655 |
|
7 |
|a články zo zborníkov
|2 snkbucl
|9 166140
|
| 773 |
0 |
|
|t Agrárna politika KSČ v období 1. etapy kolektivizácie na Slovensku
|d Nitra : VŠP, 1983
|
| 850 |
|
|
|a Slovenská národná knižnica v Martine
|a MTA001
|
| 852 |
|
|
|a SNK
|b KIS3GCP
|
| 958 |
|
|
|a NB
|
| 958 |
|
|
|a RK
|
| 992 |
|
|
|a RZB
|
| 999 |
|
|
|c 1463295
|d 1465225
|